[Event "TIPC 2007 Open"]
[Site "Charleroi"]
[Date "2007.08.04"]
[Round "9"]
[White "Sclacmender, Julien"]
[Black "Van Uytven, Eric"]
[Result "1/2-1/2"]
[WhiteElo "2131"]
[BlackElo "2181"]
[PlyCount "97"]

1. e4 c5 2. Nf3 e6 3. d4 cxd4 4. Nxd4 Nc6 5. Nc3 Qc7 6. Be3 a6 7. Be2 b5 8. O-O
Bb7 9. f4 Bc5 10. Bf3 Qb6 11. Nce2 f6 12. Kh1 Nge7 13. c3 a5 14. Bg1 O-O 15.
Qd2 Rad8 16. Rad1 Nxd4 17. Bxd4 d5 18. e5 b4 19. Bg4 f5 20. Bf3 Ba6 21. Rfe1
Rc8 22. cxb4 axb4 23. Nc1 Bxd4 24. Qxd4 Qxd4 25. Rxd4 Rc4 26. Red1 Rxd4 27.
Rxd4 Rc8 28. Nb3 Rc2 29. Rd2 Rxd2 30. Nxd2 Nc6 31. Kg1 Kf7 32. Kf2 Ke7 33. g3
Kd7 34. Nb3 Bc4 35. Nc5+ Ke7 36. b3 Bb5 37. Ke3 Bf1 38. h4 Na7 39. Be2 Bxe2 40.
Kxe2 Nb5 41. Kd3 Na7 42. Kc2 Nc6 43. Kb2 g6 44. a3 Nd4 45. axb4 Nb5 46. Kc2 h5
47. Kd3 Kf7 48. Ke3 Ke7 49. Kd3 1/2-1/2

[Event "TIPC 2007 Open"]
[Site "Charleroi"]
[Date "2007.08.04"]
[Round "9"]
[White "Thompson, Ian"]
[Black "Jourdain, Jean-Francois"]
[Result "1/2-1/2"]
[WhiteElo "2322"]
[BlackElo "2091"]
[PlyCount "146"]

1. c4 e5 2. g3 Nf6 3. Bg2 Nc6 4. Nf3 Bc5 5. O-O d6 6. Nc3 O-O 7. d3 Bd7 8. Bg5
h6 9. Bxf6 Qxf6 10. Ne4 Qe7 11. Nxc5 dxc5 12. Nd2 Rad8 13. Ne4 Be6 14. Qa4 a6
15. Nc3 Bd7 16. a3 Nd4 17. Qd1 Bc6 18. Nd5 Bxd5 19. cxd5 Qd6 20. Rc1 b6 21. e3
Nf5 22. Qa4 a5 23. b4 axb4 24. axb4 cxb4 25. Rc6 Qd7 26. Bh3 b5 27. Qa6 Ra8 28.
Qxb5 Nd6 29. Bxd7 Nxb5 30. Rb1 Rfd8 31. Rxb4 Rxd7 32. Rxb5 Ra3 33. Rb8+ Kh7 34.
e4 Rxd3 35. Rc8 f5 36. exf5 R3xd5 37. R8xc7 Kg8 38. Rxd7 Rxd7 39. Re6 Rd5 40.
Kg2 e4 41. g4 h5 42. h3 hxg4 43. hxg4 Rd4 44. Kg3 Rd3+ 45. Kh4 Rf3 46. Kg5 Kf7
47. Rxe4 Rxf2 48. Ra4 Rg2 49. Ra7+ Kf8 50. Kh5 Rh2+ 51. Kg5 Rg2 52. Kf4 Rg1 53.
g5 Rf1+ 54. Kg4 Rh1 55. Rb7 Rh2 56. Rb1 Rf2 57. Kh5 Rxf5 58. Kg6 Ra5 59. Rb8+
Ke7 60. Rb7+ Kf8 61. Rf7+ Kg8 62. Rxg7+ Kh8 63. Re7 Ra6+ 64. Kh5 Kg8 65. Rb7
Rc6 66. Rb5 Ra6 67. g6 Ra1 68. Rf5 Kg7 69. Rf7+ Kg8 70. Rf4 Kg7 71. Rb4 Rh1+
72. Kg5 Rg1+ 73. Kf5 Rf1+ 1/2-1/2

[Event "TIPC 2007 Open"]
[Site "Charleroi"]
[Date "2007.08.04"]
[Round "9"]
[White "Hody, Pierre"]
[Black "Bolzoni, Victor-Angel"]
[Result "0-1"]
[WhiteElo "2114"]
[BlackElo "2240"]
[PlyCount "86"]

1. e4 c5 2. Nf3 e6 3. d4 cxd4 4. Nxd4 Nf6 5. Nc3 d6 6. Bc4 Na6 7. Be3 Nc5 8. f3
a6 9. a4 Qc7 10. Qe2 Be7 11. Nb3 b6 12. O-O O-O 13. Rfd1 Bb7 14. Rd2 Rfe8 15.
Nxc5 bxc5 16. Qf2 Qb6 17. Ra3 Rad8 18. Rb3 Qc7 19. Qg3 g6 20. Bg5 Kg7 21. Qh4
d5 22. e5 Ng8 23. Bxe7 Rxe7 24. Bf1 Bc6 25. Qf4 c4 26. Ra3 Qb6+ 27. Qd4 Qxb2
28. Ra2 Qb4 29. Ra1 Rc8 30. f4 Nh6 31. Ne2 Nf5 32. Qc3 Rb7 33. g4 Qc5+ 34. Nd4
Nxd4 35. Rxd4 Rcb8 36. Kg2 Rb2 37. f5 Rxc2+ 38. Qxc2 Qxd4 39. f6+ Kg8 40. Rb1
Qxg4+ 41. Kf2 Qf4+ 42. Kg1 Qe3+ 43. Kh1 Qxe5 0-1

[Event "TIPC 2007 Open"]
[Site "Charleroi"]
[Date "2007.08.04"]
[Round "9"]
[White "Schut, Donna"]
[Black "Schut, Han"]
[Result "0-1"]
[WhiteElo "2030"]
[BlackElo "2190"]
[PlyCount "82"]

1. e4 c6 2. d4 d5 3. exd5 cxd5 4. c4 Nf6 5. Nc3 Nc6 6. Nf3 Bg4 7. cxd5 Nxd5 8.
Qb3 Bxf3 9. gxf3 e6 10. Qxb7 Nxd4 11. Bb5+ Nxb5 12. Qc6+ Ke7 13. Qxb5 Qd7 14.
Nxd5+ Qxd5 15. Qxd5 exd5 16. Be3 Ke6 17. O-O-O Bb4 18. Rd3 Rhd8 19. a3 Ba5 20.
b4 Bb6 21. Rhd1 Rac8+ 22. Kb2 Rc4 23. Kb3 f6 24. Rc3 Rh4 25. Bxb6 axb6 26. Rc6+
Rd6 27. Rdc1 Rxh2 28. b5 Rxf2 29. Rxd6+ Kxd6 30. Rc6+ Ke5 31. Rxb6 Rxf3+ 32.
Kb4 g5 33. Rb7 Kd4 34. Rxh7 g4 35. Rh4 f5 36. b6 Rf1 37. Ka5 Kc5 38. b7 Rb1 39.
Rh7 g3 40. Rg7 f4 41. Ka6 Ra1 0-1

[Event "TIPC 2007 Open"]
[Site "Charleroi"]
[Date "2007.08.04"]
[Round "9"]
[White "Dal Borgo, Albin"]
[Black "Hoffmeister, Frank"]
[Result "0-1"]
[WhiteElo "2147"]
[BlackElo "2107"]
[PlyCount "98"]

1. d4 d5 2. c4 c6 3. Nc3 Nf6 4. e3 e6 5. Nf3 Nbd7 6. Qc2 Bd6 7. Bd2 O-O 8.
O-O-O Qe7 9. e4 e5 10. dxe5 Nxe5 11. exd5 Bg4 12. Re1 Qc7 13. Nxe5 Bxe5 14.
dxc6 bxc6 15. Bd3 Rab8 16. h3 Bh5 17. Rxe5 Qxe5 18. f4 Qd4 19. g4 Rbd8 20. Be2
Rfe8 21. gxh5 Qf2 22. Bg4 Nxg4 23. hxg4 Rd4 24. h6 Qf3 25. Rd1 gxh6 26. f5 Rxc4
27. Bxh6 Rxg4 28. Qd3 Qxd3 29. Rxd3 f6 30. Rd6 Kf7 31. Rxc6 Rg2 32. Bd2 Rf2 33.
Nb5 Ree2 34. Rc7+ Kg8 35. Rd7 Rxf5 36. Nd4 Rf1+ 37. Kc2 Rg2 38. Ne6 Rff2 39.
Kc3 h5 40. Nf4 Rf3+ 41. Rd3 Rgg3 42. Rxf3 Rxf3+ 43. Kd4 h4 44. Ke4 Rf1 45. Ke3
Kf7 46. Ke2 Rb1 47. Bc3 h3 48. Kf2 h2 49. Kg2 Rf1 0-1

[Event "TIPC 2007 Open"]
[Site "Charleroi"]
[Date "2007.08.04"]
[Round "9"]
[White "Le Quang, Kim"]
[Black "Ponnet, Hendrik"]
[Result "1-0"]
[WhiteElo "2284"]
[BlackElo "2029"]
[PlyCount "63"]

1. e4 c5 2. Nf3 e6 3. c3 Nf6 4. e5 Nd5 5. d4 cxd4 6. cxd4 Nc6 7. Nc3 Nxc3 8.
bxc3 d6 9. Bf4 dxe5 10. Nxe5 Nxe5 11. Bxe5 Qd5 12. Be2 Bd7 13. Bf3 Qc4 14. Qb3
Rc8 15. Kd2 f6 16. Bg3 g6 17. Qxc4 Rxc4 18. Bxb7 Bh6+ 19. Kd3 Bb5 20. Rhb1 a6
21. Rxb5 axb5 22. Ba6 Ke7 23. Bxb5 Rcc8 24. a4 Rhd8 25. c4 e5 26. d5 Kd6 27. f3
f5 28. a5 Bg7 29. Ra4 g5 30. a6 h5 31. a7 g4 32. Bh4 1-0

[Event "TIPC 2007 Open"]
[Site "Charleroi"]
[Date "2007.08.04"]
[Round "9"]
[White "Winants, Henri"]
[Black "Todts, Benny"]
[Result "1-0"]
[WhiteElo "2097"]
[BlackElo "1951"]
[PlyCount "56"]

1. d4 c5 2. d5 f5 3. Nc3 g6 4. e4 d6 5. Bb5+ Kf7 6. Nf3 h6 7. exf5 Bxf5 8. Nh4
e6 9. dxe6+ Bxe6 10. Qf3+ Nf6 11. Qxb7+ Nbd7 12. Bd3 Rg8 13. O-O d5 14. Re1 Rb8
15. Qxa7 g5 16. Bf5 Bxf5 17. Nxf5 Kg6 18. Ng3 Bd6 19. Qa6 Rb6 20. Qd3+ Kf7 21.
Nxd5 Rc6 22. Nxf6 Nxf6 23. Nf5 Rg6 24. Qc4+ Kf8 25. Be3 Nd7 26. Rad1 Qc7 27.
Nxd6 Rcxd6 28. Rxd6 Qxd6 1-0

[Event "TIPC 2007 Open"]
[Site "Charleroi"]
[Date "2007.08.04"]
[Round "9"]
[White "Russo, Julien"]
[Black "Majewski, Philippe"]
[Result "1-0"]
[WhiteElo "2081"]
[BlackElo "1930"]
[PlyCount "43"]

1. e4 d6 2. d4 Nf6 3. Nc3 g6 4. Be3 Bg7 5. f3 Nc6 6. Qd2 h5 7. h3 e5 8. d5 Ne7
9. O-O-O Neg8 10. Kb1 Bh6 11. Bxh6 Nxh6 12. f4 a6 13. fxe5 dxe5 14. Nf3 Nd7 15.
Be2 Qe7 16. Rhf1 f6 17. Nh4 Nf8 18. d6 cxd6 19. Nd5 Qd8 20. Nxf6+ Ke7 21. Nd5+
Ke8 22. Nxg6 1-0

[Event "TIPC 2007 Open"]
[Site "Charleroi"]
[Date "2007.08.04"]
[Round "9"]
[White "Noiroux, Kevin"]
[Black "Schaeken, Yordi"]
[Result "1-0"]
[WhiteElo "2071"]
[BlackElo "1910"]
[PlyCount "127"]

1. d4 g6 2. c4 Bg7 3. e4 d6 4. Nc3 Nf6 5. Nf3 O-O 6. Be2 c5 7. O-O cxd4 8. Nxd4
Nc6 9. Be3 Nd7 10. Qd2 Nc5 11. Rae1 Ne6 12. Nc2 f5 13. exf5 gxf5 14. Bh6 Bxh6
15. Qxh6 Rf6 16. Qh4 Qf8 17. f4 Qh6 18. Qxh6 Rxh6 19. Nd5 Kf8 20. Bd3 Nc5 21.
Re3 Nxd3 22. Rxd3 Be6 23. Ne1 Rc8 24. b3 Rg6 25. Nf3 Rd8 26. a3 Bc8 27. Ne3 e6
28. Re1 h6 29. Kf2 Kf7 30. c5 d5 31. Nc2 Rgg8 32. Ncd4 Bd7 33. Nb5 Kf6 34. Nfd4
Nxd4 35. Nxd4 Rc8 36. b4 a6 37. Rh3 Rg6 38. Rhe3 Re8 39. g3 Rgg8 40. a4 Re7 41.
Re5 Rge8 42. b5 axb5 43. axb5 Rc8 44. Rc1 Ra8 45. Rc2 Ra4 46. Ke3 Ra3+ 47. Kd2
Ra4 48. Kd3 Ra3+ 49. Rc3 Rxc3+ 50. Kxc3 Re8 51. Kb4 Rc8 52. Re2 h5 53. Ra2 e5
54. fxe5+ Kxe5 55. Nb3 Rg8 56. Ra7 Rg4+ 57. Ka5 Bc8 58. Ra8 Be6 59. c6 bxc6 60.
b6 Rg7 61. Nc5 Kd6 62. b7 Kxc5 63. b8=Q Rg4 64. Qb6+ 1-0